Estudios Sociales Centroamericanos / (Enero-Abril 1976) Año 5, Número 13
Guardado en:
| 企業作者: | |
|---|---|
| 格式: | 圖書 |
| 語言: | Spanish |
| 出版: |
San José, Costa Rica:
Universidad de Costa Rica; Consejo Superior Universitario Centroamericano,
|
| 主題: | |
| 標簽: |
添加標簽
沒有標簽, 成為第一個標記此記錄!
|
MARC
| LEADER | 00000nam a22000007a 4500 | ||
|---|---|---|---|
| 003 | cru CIDCACS/IIS | ||
| 005 | 20220608115016.0 | ||
| 007 | ta | ||
| 008 | 170213n1976 cr ||||| |||| 00| 0 spa d | ||
| 022 | |a 0303-9676 | ||
| 040 | |c CRAI/IIS |a CRAI/IIS | ||
| 090 | |a REV0467 5(13) 1976 | ||
| 110 | 1 | |9 8176 |a Consejo Superior Universitario Centroamericano (CSUCA) | |
| 245 | 1 | |a Estudios Sociales Centroamericanos / |b (Enero-Abril 1976) Año 5, Número 13 |c CSUCA | |
| 260 | |a San José, Costa Rica: |b Universidad de Costa Rica; Consejo Superior Universitario Centroamericano, | ||
| 270 | |b Montes de Oca |c San José |d Costa Rica | ||
| 300 | |a 222 páginas | ||
| 310 | |a Cuatrimestral | ||
| 500 | |a Colección Centroamérica | ||
| 505 | |a ARTÍCULOS Y ENSAYOS Los panameños negros descendientes de antillanos: ¿Un caso de marginalidad social? Jorge Arosemena R. (páginas 9-34) Migraciín interna y empleo agrícola temporal en Guatemala Claude Bataillon e Ivon Lebot (páginas 35-68) Tenencia y renta de la Tierra en el Altiplano Occidental de Guatemala Ivon Lebot (páginas69-96) La emergencia del control normteamericano sobre la economía peruana: 1850-1930 Heraclio Bonilla (páginas 97-122) La paortación de Latinoamércia en la lucha económica del Tercer Mundo Pedro Vuskovic (páginas 123-142) PROBLEMAS Y DEBATES TEÓRICOS-METODOLÓGICOS La subsunción formal del trabajo al capital Bruno Lautier (páginas 143-172) PROYECTOS Y AVANCES DE INVESTIGACIÓN Población, desarrollo rural y migraciones internas en Centoamérica (II) (páginas 173-190) El capital monopolista y la dinámica agrícola en Centroamérica y Panamá Teodoro Buarque de Hollanda y Andrés Opazo Bernales (páginas 191-210) | ||
| 650 | 0 | |2 OCDE |9 4557 |a MARGINALIDAD | |
| 650 | 0 | |9 2499 |a EMPLEO RURAL | |
| 650 | 0 | |9 5782 |a ECONOMIA SOCIAL | |
| 651 | 0 | |9 308 |a CENTROAMERICA | |
| 773 | |g Volumen 5, número 13, (Enero-Abril 1976) |t Estudios Sociales Centroamericanos |o 13798 | ||
| 942 | |2 z |c PP |s 1 | ||
| 999 | |c 44290 |d 44290 | ||
